000 00704nam a2200241Ia 4500
005 20260430150408.0
008 008 250103s9999 xx 000 0 eng d
037 _aTheses
040 _aCRL
040 _beng
040 _ceng
041 _2eng
041 _aeng
084 _qCRL
100 _aSharma Meesha Au.; Pandit Maharaj K. Gu.
_91237369
245 0 _aElevational Macro-Ecological Patterns of Aboveground and Belowground Diversity in a Western Himalayan Gradient
260 _c2023
300 _a115p.
650 _aEnvironmental Science
700 _aUniversity of Delhi. Faculty of Science. Deptt. of Environment Studies
_91237362
942 _cTH
999 _c1849678
_d1849678